Every Live Action Joker Actor - Statistics

General Stats
  • This quiz has been taken 39 times
  • The average score is 5 of 9
Answer Stats
Picture Answer % Correct
Heath Ledger
97%
Joaquin Phoenix
97%
Jared Leto
94%
Jack Nicholson
91%
Cesar Romero
71%
Barry Keoghan
41%
Cameron Monaghan
29%
Roger Stoneburner
9%
Nathan Dashwood
6%
No matching quizzes found
Score Distribution
Percent of People with Each Score
Percentile by Number Answered
Your Score History
You have not taken this quiz